Statistics for Classic Tetris World Championship Top 4 Positions

Click here to take the quiz!

General Stats

  • This quiz has been taken 55 times
    (16 since last reset)
  • The average score is 14 of 23

Answer Stats

YearAnswer% Correct
2010 / 2011 / 2012 / 2013 / 2014 / 2015 / 2016 / 2017 / 2018Jonas Neubauer
93%
2018 / 2019 / 2021Joseph Saelee
86%
2020 / 2021 / 2022Michael Artiaga
(Dog)
86%
2011 / 2012 / 2015 / 2017Alex Kerr
79%
2010 / 2011 / 2013 / 2014 / 2015 / 2016Harry Hong
79%
2015 / 2017Sean Ritchie
(Quaid)
79%
2020 / 2021 / 2022Andrew Artiaga
(PixelAndy)
71%
2020 / 2021Jacob Huff
71%
2016Jeff Moore
71%
2022Justin Yu
(Fractal)
71%
2016 / 2018 / 2019Koji Nishio
(Koryan)
71%
2018Tomohiro Tatejima
(Greentea)
71%
2019Aidan Jerdee
(Batfoy)
64%
2022Eric Tolt
(EricICX)
64%
2020Nenu Zefanya Kariko
64%
2010Dana Wilcox
50%
2019Daniel Zhang
(DanQZ)
50%
2010 / 2013 / 2017Matt Buco
50%
2012Mike Winzinek
43%
2011Robin Mihara
36%
2012 / 2014Eli Markstrom
29%
2014Terry Purcell
29%
2013Chad Muse
21%

Score Distribution

Percentile by Number Answered

Percent of People with Each Score

Your Score History

You have not taken this quiz since the last reset